根据介绍判断疾病 Determine disease based on introduction - Statistics

General Stats
  • This quiz has been taken 142 times
  • The average score is 10 of 15
Answer Stats
介绍 疾病 % Correct
**以人体的免疫系统作为攻击目标,在没有任何治疗手段介入的情况下,**感染者的免疫系统将逐渐被**摧毁,直至丧失几乎所有免疫能力 艾滋病
89%
一种代谢性疾病,它的特征是患者的血糖长期高于标准值 糖尿病
89%
大脑已经完全或大半失去功能,亦即已经失去意识,但尚存活的人 持续性植物状态
88%
控制细胞分裂的机制失常后,细胞异常增生并侵犯身体的其他部分而引起的疾病 恶性肿瘤/癌症
86%
肾衰竭使蛋白质消化后产物、尿素等身体废弃物无法排出,滞留体内产生的中毒现象 尿毒症
86%
最常见的早期症状为丧失短期记忆,当疾病逐渐进展,症状可能逐渐出现,包括语言障碍、定向障碍(包括容易迷路)、情绪不稳、丧失动机、无法自理和许多行为问题…… 阿尔茨海默病
80%
发生于脑脊膜的急性或慢性炎症,脑膜与脊膜常同时发炎 脑膜炎
70%
冠状动脉血流减少或停止时,对心肌造成的损伤 心肌梗死
67%
一种儿童传染病,又名发疹性水疱性口腔炎。多发生于5岁以下儿童,但成人也不乏感染的病例,可引起**、**、**等部位的疱疹,少数患儿可引起心肌炎、肺水肿、无菌性脑膜脑炎等并发症 手足口病
61%
一种由**病毒引起的由蚊媒热带病。患者大约会在感染后3到14天后发作,症状包括发热、头痛、肌肉和关节痛,还有典型性的麻疹样皮疹 登革热
61%
一种神经性疾患,特征为反复地**发作,即为重复发作或长或短的严重抽搐症状,可能会造成物理性伤害,甚至骨折 癫痫
59%
脑部缺血造成的脑细胞死亡 中风/脑卒中
56%
常见的气道慢性炎症疾病,主要特征是多变和复发的症状、可逆性气流阻塞,和支气管痉挛。常见症状表现为喘息 、咳嗽、胸腔紧迫、胸闷和呼吸困难 哮喘
55%
因感染、血栓或其他原因缺乏血液循环造成身体组织坏死和腐烂的症状 坏疽
21%
慢性神经肌肉传递障碍的自身免疫性疾病,会造成不同程度的肌肉无力。最常影响眼部、脸部及吞咽相关的肌肉 重症肌无力
12%
No matching quizzes found
Score Distribution
Percent of People with Each Score
Percentile by Number Answered
Your Score History
You have not taken this quiz